Bright wind of the spirit: (Record no. 14153)

000 -LEADER
fixed length control field 00587nam a2200193 a 4500
001 - CONTROL NUMBER
control field :::00011977$&:&@@
003 - CONTROL NUMBER IDENTIFIER
control field OkBaRHE
005 - DATE AND TIME OF LATEST TRANSACTION
control field 20000607103414.0
008 - FIXED-LENGTH DATA ELEMENTS--GENERAL INFORMATION
fixed length control field s1972 j 000 0 eng u
020 ## - INTERNATIONAL STANDARD BOOK NUMBER
International Standard Book Number 0130830895
040 ## - CATALOGING SOURCE
Transcribing agency
100 1# - MAIN ENTRY--PERSONAL NAME
Personal name Durasoff, Steve.
245 10 - TITLE STATEMENT
Title Bright wind of the spirit:
Remainder of title Pentecostalism today.
260 ## - PUBLICATION, DISTRIBUTION, ETC. (IMPRINT)
Place of publication, distribution, etc Englewood Cliffs, NJ., :
Name of publisher, distributor, etc Prentice-Hall
Date of publication, distribution, etc 1972
300 ## - PHYSICAL DESCRIPTION
Extent 277 p. ;
Dimensions 22 cm.
650 ## - SUBJECT ADDED ENTRY--TOPICAL TERM
Topical term or geographic name as entry element Pentecostalism
942 ## - ADDED ENTRY ELEMENTS (KOHA)
Source of classification or shelving scheme
Koha item type Books
Copies
Full call number Date acquired Not for loan Source of classification or shelving scheme Date last seen Price effective from Shelving location Lost status Withdrawn status Barcode Permanent Location Damaged status Koha item type Copy number
BX 8763 .D872010-04-14  2010-04-142010-04-14General Stacks  11977RHEMA Bible Training College Books1